| 000 | 00339nam a22001337a 4500 | ||
|---|---|---|---|
| 008 | 190305b xxu||||| |||| 00| 0 eng d | ||
| 020 | _a9780888994400 | ||
| 041 | _aeng | ||
| 080 | _a371 | ||
| 100 | _a46 | ||
| 101 | _aEDU | ||
| 245 |
_aFrom reader to writer teaching writing through calssic children's books _cEllis,S |
||
| 942 |
_2udc _cBK |
||
| 999 |
_c54545 _d54545 |
||